<?xml version="1.0" encoding="UTF-8"?>
<record
    xmlns:xsi="http://www.w3.org/2001/XMLSchema-instance"
    xsi:schemaLocation="http://www.loc.gov/MARC21/slim http://www.loc.gov/standards/marcxml/schema/MARC21slim.xsd"
    xmlns="http://www.loc.gov/MARC21/slim">

  <leader>01213nam a2200241 a 4500</leader>
  <controlfield tag="001">BRCA_6381</controlfield>
  <controlfield tag="005">20190320205431.0</controlfield>
  <controlfield tag="008">100811s1945----mx-a######---#000-0#spa-#</controlfield>
  <datafield tag="041" ind1=" " ind2=" ">
    <subfield code="a">spa</subfield>
  </datafield>
  <datafield tag="044" ind1=" " ind2=" ">
    <subfield code="a">mx</subfield>
  </datafield>
  <datafield tag="050" ind1=" " ind2="4">
    <subfield code="a">PQ7100</subfield>
    <subfield code="b">.H54 4 1945</subfield>
  </datafield>
  <datafield tag="245" ind1="1" ind2="0">
    <subfield code="a">El hijo pr&#xF3;digo</subfield>
    <subfield code="b">Revista literaria</subfield>
    <subfield code="c">Octavio G. Barreda editor; Isaac Rojas Rosillo administrador.</subfield>
  </datafield>
  <datafield tag="260" ind1=" " ind2=" ">
    <subfield code="a">M&#xE9;xico</subfield>
    <subfield code="b">Letras de M&#xE9;xico</subfield>
    <subfield code="c">1945</subfield>
  </datafield>
  <datafield tag="300" ind1=" " ind2=" ">
    <subfield code="a">12 v.</subfield>
    <subfield code="b">il.</subfield>
    <subfield code="c">23 cm.</subfield>
  </datafield>
  <datafield tag="500" ind1=" " ind2=" ">
    <subfield code="a">Revista inventariada por Banco de M&#xE9;xico como libro</subfield>
  </datafield>
  <datafield tag="500" ind1=" " ind2=" ">
    <subfield code="a">Ver tambi&#xE9;n K188, K189 y K190</subfield>
  </datafield>
  <datafield tag="500" ind1=" " ind2=" ">
    <subfield code="a">K191</subfield>
  </datafield>
  <datafield tag="505" ind1="0" ind2=" ">
    <subfield code="a">Contenido: v.1. vol. VII, No. 22, Enero, 1945.-- v.2. vol. VII, No. 23, Febrero, 1945.-- v.3. vol. VII, No. 24, Marzo, 1945.-- v.4. vol. VIII, No. 25, Abril, 1945.-- v.5. vol. VIII, No. 26, Mayo, 1945.-- v.6. vol. VIII, No. 27, Junio, 1945.-- v.7. vol. IX, No. 28, Julio, 1945.-- v.8. vol. IX, No. 29, Agosto, 1945.-- v.9. vol. IX, No. 30, Septiembre, 1945.-- v.10. vol. X, No. 31, Octubre, 1945.-- v.11. vol. X, No. 32, Noviembre, 1945.-- v.12. vol. X, No. 33, Diciembre, 1945.</subfield>
  </datafield>
  <datafield tag="650" ind1="1" ind2="4">
    <subfield code="a">Literatura mexicana</subfield>
    <subfield code="v">Publicaciones peri&#xF3;dicas</subfield>
    <subfield code="9">15868</subfield>
  </datafield>
  <datafield tag="650" ind1="1" ind2="4">
    <subfield code="a">Arte</subfield>
    <subfield code="z">M&#xE9;xico</subfield>
    <subfield code="9">15970</subfield>
  </datafield>
  <datafield tag="902" ind1=" " ind2=" ">
    <subfield code="a">GFM</subfield>
  </datafield>
  <datafield tag="942" ind1=" " ind2=" ">
    <subfield code="2">lcc</subfield>
    <subfield code="c">B</subfield>
  </datafield>
  <datafield tag="999" ind1=" " ind2=" ">
    <subfield code="c">6067</subfield>
    <subfield code="d">6067</subfield>
  </datafield>
  <datafield tag="952" ind1=" " ind2=" ">
    <subfield code="0">0</subfield>
    <subfield code="1">0</subfield>
    <subfield code="4">0</subfield>
    <subfield code="7">0</subfield>
    <subfield code="a">BRCA</subfield>
    <subfield code="b">BRCA</subfield>
    <subfield code="d">2011-08-30</subfield>
    <subfield code="i">K191</subfield>
    <subfield code="l">0</subfield>
    <subfield code="o">PQ7100 .H54 4 1945 (K191)</subfield>
    <subfield code="p">6828</subfield>
    <subfield code="r">2019-03-22 00:00:00</subfield>
    <subfield code="w">2019-03-22</subfield>
    <subfield code="y">B</subfield>
  </datafield>
</record>
